000 00401nam a22001457a 4500
999 _c525415
_d525415
008 240301b ||||| |||| 00| 0 eng d
100 _aChandra, Sudhir
_950172
245 _aOur fear of knowing Gandhi
260 _aSocial Scientist
300 _a51(11-12), Nov-Dec, 2023: p.21-26
650 _aGandhi, M.K.
_950173
773 _aSocial Scientist
906 _aINDIA - HISTORY
942 _cAR